|
|
|
|
| LEADER |
00000nam a2200000 a 4500 |
| 001 |
vtls011553422 |
| 003 |
SK-MaSNL |
| 005 |
20260301092105.0 |
| 008 |
251112s1901 enk 0 1n0 rus |
| 015 |
|
|
|a SNBHFA1901
|
| 020 |
|
|
|q (brož.)
|
| 035 |
|
|
|a BD38521C-AEE5-4ED8-927D-1234BDD679BF
|
| 035 |
|
|
|a urn:nbn:sk:snk-am3h74n
|
| 035 |
|
|
|a urn:nbn:sk:snk-am00cqvp
|
| 040 |
|
|
|a SNK
|b slo
|c SNK
|e AACR2
|
| 041 |
0 |
|
|a rus
|
| 044 |
|
|
|a en
|c GB
|
| 072 |
|
7 |
|a 27
|x Kresťanstvo. Kresťanská cirkev všeobecne. Ekleziológia
|2 konspekt
|
| 080 |
|
|
|a 2-674.5
|2 2011
|
| 080 |
|
|
|a 279.98
|2 2011
|
| 080 |
|
|
|a 314.15-026.49
|2 2001
|
| 100 |
1 |
|
|a Verigin, Peter Vasilijevič,
|d 1859-1924
|4 aut
|9 422395
|
| 245 |
1 |
0 |
|a Pis'ma Duchoborčeskago Rukovoditelja
|c Petra Vasil'eviča Verigina ; Pod` Redakciej, So Vstupitel'noj Stat'ej, Primječanijami Vladimira Bonč'-Brueviča ; i S` Predisloviem` V. i. A. Čertkovych`
|
| 250 |
|
|
|a Izdanie "Slobodnago Slova" No. 47
|
| 260 |
|
|
|a Christschurch, Hants, England
|b A. Tchertkoff
|c 1901
|
| 300 |
|
|
|a LVIII, 239 s.
|b frontispice
|c 21 cm
|
| 490 |
1 |
|
|a Matériaux pour servir à l'histoire des sectes russes
|v Livraison 1
|
| 490 |
1 |
|
|a Materialy k` Istorii i Izučeniju Russkago Sektantstva
|v Vypusk` 1-j
|
| 500 |
|
|
|a Obálkový titulný list
|
| 500 |
|
|
|a Reklama za textom a na rube obálkového titulného listu
|
| 500 |
|
|
|a Frontispice - portrét autora
|
| 504 |
|
|
|a Poznámky pod textom
|
| 504 |
|
|
|a Register
|
| 546 |
|
|
|a Ruština
|b Azbuka
|
| 561 |
|
|
|a Z knižnice Dušana Makovického.
|5 SNK IC 142538
|
| 650 |
0 |
7 |
|a náboženská perzekúcia
|2 SNKPH
|9 68303
|
| 650 |
0 |
7 |
|a perzekúcie
|2 SNKPH
|9 3763
|
| 650 |
0 |
7 |
|a duchoborci
|2 SNK
|9 422396
|
| 700 |
1 |
|
|a Makovický, Dušan,
|d 1866-1921
|4 fmo
|9 40176
|
| 700 |
1 |
|
|a Čertkova, Anna,
|d 1859-1927
|4 aui
|9 54050
|
| 700 |
1 |
|
|a Bonč-Brujevič, Vladimir Dmitrijevič,
|d 1873-1955
|4 edt
|9 54043
|
| 700 |
1 |
|
|a Čertkov, Vladimir Grigorievič,
|d 1854-1936
|4 aui
|9 56184
|
| 710 |
2 |
|
|a Slobodnie Slovo (Bournemouth, Anglicko),
|d 1900-1908
|4 prt
|9 422397
|
| 710 |
2 |
|
|a Verlag Eugen Diederichs (Lipsko, Nemecko),
|d 1897-1930
|4 bsl
|9 422398
|
| 752 |
|
|
|a Anglicko
|d Christschurch
|
| 830 |
|
0 |
|a Matériaux pour servir à l'histoire des sectes russes
|9 422399
|
| 830 |
|
0 |
|a Materialy k` Istorii i Izučeniju Russkago Sektantstva
|9 422400
|
| 852 |
|
|
|a snk
|b Historické fondy
|p IC 142538
|
| 958 |
|
|
|a ONDV
|
| 999 |
|
|
|c 672995
|d 674925
|
| 952 |
|
|
|t Mak 30
|a SNK
|b SNK
|c SNK_HF
|y PREZ
|7 0
|p 17A1128692
|o snkIC 142538
|i snk2016/13418
|8 5
|0 0
|1 0
|4 0
|d 2016-05-18
|f 1
|l 0
|r 2026-02-23 19:32:29
|w 2026-02-23
|